1030 1473 1630 1128 1831 1804 1875 1903 1334 1665 1657 1892 1164 1970 1124 1906 1542 1290 1606 1131 1997 1153 1351 1566 1912 1536 1910 1818 1963 1947 1251 1242 1230 1966 1951 1272 1032 1818 1481 1068 1615 1961 1031 1598 1565 1080 1396 1610 1855 1462 1672 1753 1160 1088 1954 1034 1761 1092 1774 1787 1235 1155 1190 1257 1340 1851 1455 1717 1173 1257 1962 1696 1287 1515 1479 1399 1168 1345 1319 1404 1322 1671 1858 1393 1191 1157 1942 1875 1642 1289 1691 1835 1242 1218 1782 1220 1877 1883 1278 BCNSPRNW ULIB Ver.6.0+V

เปลี่ยนเป็นภาษาไทย

Change to English
 แสดงรายละเอียดบรรณานุกรม
  กลับหน้าหลัก

Brief Record : Get Marc (ISO 2709) : E-mail record : QR code < ปิดหน้าต่าง
LEADER : 00000nam 2200000uu 4500
001    13399122344
003     ULIB
008    130220s2555||||th 000 0 tha d
099    วจ.WM290^bศ444ร
100 0  ศิราณี อิ่มน้ำขาว และคณะ
245 00 รูปแบบพฤติกรรมการเลิกบุหรี่ของผู้สูบบุหรี่ที่เข้ารับการบำบัดในคลินิกบุหรี่ :^bโรงพยาบาลมหาสารคาม^cโดยศิราณี อิ่มน้ำขาว และคณะ
260    มหาสารคาม:^cวิทยาลัยพยาบาลศรีมหาสารคาม,^c2555
300    68 หน้า:^bตาราง
650  0 เลิกบุหรี่^xวิจัย
710 1  โรงพยาบาลมหาสารคาม
945    ^p0^l0^i033594
999    ^aเกษร โพธิ์สุวรรณ
รายการนี้ยังไม่มีแท็ก
คุณยังไม่ได้ล็อกอิน คุณสามารถมีกิจกรรมร่วมกับเว็บไซต์ได้ แต่ต้องล็อกอินก่อน ::
  ล็อกอิน

รายการสื่อสารสนเทศ

ลำดับที่ ประเภท เลขเรียก/บาร์โค้ด สถานที่ สถานะ
1. งานวิจัย
งานวิจัย
วจ.WM290 ศ444ร  
  Barcode: 033594
ห้องสมุดวิทยาเขตสวรรค์ประชารักษ์
►วิจัย
บนชั้น

BibComment


ยังไม่เคยถูกคอมเมนท์

คอมเมนท์ทรัพยากรรายการนี้
  คอมเมนท์: รูปแบบพฤติกรรมการ..


 Copyright 2026. Bcnsprnw @Library